000 00744nam a22002417a 4500
003 UA-OsUOA
001 27862
007 ta
008 20040915b un ||||| |||| 00| 0 ukr d
090 _a796.01
_bВ74
942 _cBK
040 _aUA-OsUOA
_brus
_cUA-OsUOA
_dUA-OsUOA
245 _aВопросы теории и практики физической культуры и спорта
_bРеспубликанский межведомственный сборник
_cРед. Е.Я.Безносиков
300 _a160 с.
_bІлюстрації
955 _a0
041 _arus
080 _a796.01
260 _aМинск
_bПолымя
_c1990
044 _aRU
250 _nВыпуск 20
650 7 _2UDC
999 _c314214
_d314214